Auction Companion, The (Record no. 5)

000 -LEADER
fixed length control field 00351nam a22001577a 4500
003 - CONTROL NUMBER IDENTIFIER
control field OSt
008 - FIXED-LENGTH DATA ELEMENTS--GENERAL INFORMATION
fixed length control field 110525b xxu||||| |||| 00| 0 eng d
020 ## - INTERNATIONAL STANDARD BOOK NUMBER
International Standard Book Number 9780060125561
041 ## - LANGUAGE CODE
Language code of text/sound track or separate title eng
050 00 - LIBRARY OF CONGRESS CALL NUMBER
Classification number 80008208
082 00 - DEWEY DECIMAL CLASSIFICATION NUMBER
Classification number 658.8/4
100 1# - MAIN ENTRY--PERSONAL NAME
Personal name Leab, Daniel J.
245 10 - TITLE STATEMENT
Title Auction Companion, The
260 ## - PUBLICATION, DISTRIBUTION, ETC. (IMPRINT)
Place of publication, distribution, etc. New York
Name of publisher, distributor, etc. Harper & Row
300 ## - PHYSICAL DESCRIPTION
Extent 490 pages
Holdings
Withdrawn status Lost status Materials specified (bound volume or other part) Damaged status Not for loan Permanent location Current location Date acquired Total Checkouts Full call number Date last seen Price effective from Koha item type
    Hardcover     Northern Philatelic Library Northern Philatelic Library 05/25/2011   HF5476 .L4 06/27/2015 06/27/2015 Books

Powered by Koha